000 00227 a2200097 4500
001 14772
100 _aJohnson P
245 _aA history of the modern world
260 _aLondon
_bWeidenfelf Nicholson
_c
090 _c11551
_d11551
942 _aNUST-CAE
_cM
_c1727
999 _c249845
_d249845